[Event "Winter Open 2024"]
[Site "?"]
[Date "2024.01.21"]
[Round "5"]
[White "Jones, Steve"]
[Black "Binks, Michael"]
[Result "0-1"]
[WhiteElo "1678"]
[BlackElo "2035"]
[PlyCount "76"]
[SourceVersionDate "2024.02.17"]

1. d4 Nf6 2. Nc3 d5 3. Bf4 c6 4. e3 Bf5 5. f3 e6 6. g4 Bg6 7. h4 h6 8. Bd3 Bxd3 9. Qxd3 Bd6 10. Nge2 Bxf4 11. Nxf4 Qd6 12. O-O-O Nbd7 13. g5 Ng8 14. g6 f5 15. Nh5 O-O-O 16. Nxg7 Ngf6 17. h5 Qe7 18. Nxf5 exf5 19. Qxf5 Qxe3+ 20. Kb1 Rde8 21. a3 Rhf8 22. Qh3 Ng8 23. Rd3 Qf4 24. Qg2 Re7 25. Ne2 Qf6 26. Qh2 Rfe8 27. Nc3 Re3 28. Qf2 Rxd3 29. cxd3 Qf5 30. Kc2 Ndf6 31. Re1 Re6 32. Rxe6 Qxe6 33. Qh2 Ne7 34. Qf4 Nf5 35. g7 Ng8 36. Kb3 Qf6 37. Ne2 Nge7 38. Qe5 Qxg7 0-1

[Event "Winter Open 2024"]
[Site "?"]
[Date "2024.01.21"]
[Round "5"]
[White "Fathallah, Joe"]
[Black "Beeston, Darson"]
[Result "1-0"]
[WhiteElo "2010"]
[BlackElo "1639"]
[PlyCount "73"]
[SourceVersionDate "2024.02.17"]

1. d4 Nf6 2. c4 c5 3. d5 e6 4. Nc3 d6 5. e4 exd5 6. cxd5 g6 7. f4 Bg7 8. Bb5+ Nfd7 9. a4 O-O 10. Nf3 b6 11. O-O Na6 12. Bc6 Rb8 13. Nb5 Nf6 14. e5 dxe5 15. fxe5 Ng4 16. Bf4 Nb4 17. Nxa7 Bf5 18. h3 Bc2 19. Qd2 Qe7 20. e6 Bxb2 21. Rae1 Nf6 22. Bxb8 Rxb8 23. exf7+ Qxf7 24. Ne5 Qxa7 25. Rxf6 Qe7 26. Nd7 Qxd7 27. Bxd7 Bxf6 28. Be6+ Kg7 29. Qf4 Rf8 30. Qc7+ Kh6 31. Kh1 Bc3 32. Re3 Rf1+ 33. Kh2 Nd3 34. Bg8 Kg5 35. h4+ Kf5 36. Be6+ Kf6 37. Qf7# 1-0

[Event "Winter Open 2024"]
[Site "?"]
[Date "2024.01.21"]
[Round "5"]
[White "Jukes, Sam"]
[Black "Probert, Malcolm"]
[Result "1-0"]
[WhiteElo "1890"]
[BlackElo "1542"]
[PlyCount "113"]
[SourceVersionDate "2024.02.17"]

1. e4 d5 2. exd5 Qxd5 3. Nc3 Qd6 4. d4 c6 5. Nf3 Nf6 6. Be2 g6 7. O-O Bg7 8. Bg5 Nbd7 9. Qd2 O-O 10. Bf4 Qb4 11. a3 Qa5 12. b4 Qd8 13. Rad1 Nb6 14. Bh6 Nbd5 15. Bxg7 Kxg7 16. Rfe1 Bg4 17. h3 Bxf3 18. Bxf3 e6 19. Ne2 Nb6 20. Qd3 Qc7 21. c4 Rad8 22. Qc3 Kg8 23. Ra1 Qe7 24. a4 Rc8 25. a5 Na8 26. Nf4 Nc7 27. Nd3 Rfd8 28. Ne5 Nd7 29. Ra2 Nxe5 30. Rxe5 Qd6 31. Rd2 Na6 32. Re1 b5 33. Rb2 Nc7 34. Re5 bxc4 35. Qxc4 Nd5 36. Ree2 Rb8 37. Bxd5 cxd5 38. Qc5 Rbc8 39. Qxd6 Rxd6 40. Rec2 Rdc6 41. Rc5 Kf8 42. Rbc2 Rxc5 43. dxc5 Ke7 44. b5 Kd7 45. a6 Ra8 46. f4 f6 47. Kf2 e5 48. Ke3 Rb8 49. Rb2 Kc7 50. g4 g5 51. fxg5 fxg5 52. Rb1 Kc8 53. Kd3 Kc7 54. Kc3 Kc8 55. Kb4 Kc7 56. Rf1 d4 57. Rf7+ 1-0

[Event "Winter Open 2024"]
[Site "?"]
[Date "2024.01.21"]
[Round "5"]
[White "Downey, Keith"]
[Black "Di-Vetta, Andrew"]
[Result "1-0"]
[WhiteElo "1733"]
[BlackElo "1631"]
[PlyCount "143"]
[SourceVersionDate "2024.02.17"]

1. Nf3 Nf6 2. c4 e6 3. g3 d5 4. d4 Bb4+ 5. Bd2 Bxd2+ 6. Nbxd2 c6 7. Qc2 O-O 8. Bg2 Na6 9. a3 Rb8 10. O-O b5 11. Ne5 Bb7 12. cxb5 cxb5 13. b4 Rc8 14. Qd3 Qb6 15. Rfc1 Rxc1+ 16. Rxc1 Rc8 17. Rxc8+ Bxc8 18. e3 Nb8 19. Bf1 a6 20. Qc2 Bb7 21. Qc5 Qxc5 22. dxc5 Nfd7 23. Nxd7 Nxd7 24. Nb1 Ne5 25. Nd2 Kf8 26. Be2 Ke7 27. f4 Nc6 28. Nb3 f6 29. Bd3 h6 30. Kf2 e5 31. Bf5 Kd8 32. Be6 Ne7 33. Na5 Bc8 34. Bf7 Kc7 35. Ke2 Bf5 36. Kd2 g5 37. Ke2 Be4 38. Kd2 gxf4 39. gxf4 Ng6 40. Bxg6 Bxg6 41. Ke2 Bh5+ 42. Kd2 Bf3 43. Kd3 Be4+ 44. Kd2 h5 45. h4 Bf5 46. Ke2 Bc8 47. Nb3 Kd7 48. Nd2 Ke6 49. Kf3 d4 50. exd4 exf4 51. Kxf4 Kd5 52. Ke3 f5 53. Nf3 Kc4 54. Kf4 Bb7 55. Ne5+ Kxd4 56. Kxf5 Bc8+ 57. Kf6 Kc3 58. Kg5 Kb3 59. Kxh5 Kxa3 60. Kg5 Kxb4 61. h5 Be6 62. h6 Kxc5 63. h7 Kd5 64. h8=Q b4 65. Nd3 Kc4 66. Nxb4 Kxb4 67. Qd4+ Bc4 68. Qb2+ Bb3 69. Kf4 a5 70. Ke3 a4 71. Kd4 a3 72. Qc3+ 1-0

[Event "Winter Open 2024"]
[Site "?"]
[Date "2024.01.21"]
[Round "5"]
[White "May, Adam"]
[Black "Thomas, Roy"]
[Result "0-1"]
[WhiteElo "1882"]
[BlackElo "1658"]
[PlyCount "94"]
[SourceVersionDate "2024.02.17"]

1. d4 f5 2. Nf3 Nf6 3. g3 e6 4. Bg2 Be7 5. O-O d6 6. c4 O-O 7. b3 a5 8. Bb2 Ne4 9. Nbd2 c5 10. dxc5 Nxc5 11. a3 Nc6 12. Qc2 e5 13. Bc3 Be6 14. b4 axb4 15. axb4 Nd7 16. Rxa8 Qxa8 17. Ra1 Qc8 18. b5 Ncb8 19. Bb4 Nb6 20. Rc1 N8d7 21. Ne1 e4 22. Qc3 Na4 23. Qa3 Nac5 24. f3 Bg5 25. e3 Qa8 26. Qc3 Bf6 27. Qc2 Bg5 28. Qc3 b6 29. fxe4 fxe4 30. Ra1 Qb7 31. Nc2 Rc8 32. Ra3 d5 33. Nd4 Bf6 34. Qc2 Bf7 35. Qb1 Qc7 36. cxd5 Bxd5 37. Nxe4 Bxe4 38. Bxe4 Nxe4 39. Qxe4 Qc1+ 40. Kg2 Qb2+ 41. Kh3 Qxb4 42. Ra8 Rxa8 43. Qxa8+ Qf8 44. Qd5+ Qf7 45. Qa8+ Nf8 46. Qc6 Qh5+ 47. Kg2 Qc5 0-1

[Event "Winter Open 2024"]
[Site "?"]
[Date "2024.01.21"]
[Round "5"]
[White "Dixon, Chris"]
[Black "Turner, Joseph David"]
[Result "1/2-1/2"]
[WhiteElo "1665"]
[BlackElo "1868"]
[Annotator "Paul,Hatchett"]
[PlyCount "25"]
[SourceVersionDate "2024.02.17"]

1. Nf3 Nf6 2. g3 g6 3. Bg2 Bg7 4. O-O O-O 5. d3 d5 6. Nbd2 Re8 7. d4 Nc6 8. c3 e5 9. Qc2 h6 10. Re1 Be6 11. a3 a5 12. b3 Ne4 13. Bb2 {Rest of moves illegible on both scoresheets} 1/2-1/2

[Event "Winter Open 2024"]
[Site "?"]
[Date "2024.01.21"]
[Round "5"]
[White "Richards, Gareth"]
[Black "Morgans, Justin"]
[Result "0-1"]
[WhiteElo "1111"]
[BlackElo "1618"]
[PlyCount "86"]
[SourceVersionDate "2024.02.17"]

1. e4 e5 2. Bc4 Be7 3. Nf3 Nc6 4. O-O Nf6 5. Re1 O-O 6. d4 exd4 7. Nxd4 Ne5 8. Bb3 d6 9. Nc3 Bg4 10. Nde2 c5 11. Bf4 Ng6 12. Qd2 a6 13. a4 Re8 14. Ng3 Bf8 15. Nd5 Nxd5 16. Bxd5 Rb8 17. b3 Be6 18. Bg5 Qc7 19. Rad1 Bxd5 20. exd5 Qd7 21. h3 h6 22. Be3 Be7 23. Bxh6 gxh6 24. Qxh6 Bf8 25. Qd2 Rxe1+ 26. Rxe1 Re8 27. Rd1 Qe7 28. b4 c4 29. b5 axb5 30. axb5 Qh4 31. Qb4 Ne5 32. Ra1 Qd4 33. Re1 Qxd5 34. f4 Qd4+ 35. Kh2 Qxf4 36. Re4 Qf2 37. Qc3 Bg7 38. Nh5 Re6 39. Rf4 Qxf4+ 40. Nxf4 Ng4+ 41. Kg3 Re3+ 42. Qxe3 Nxe3 43. c3 Nd1 0-1

[Event "Winter Open 2024"]
[Site "?"]
[Date "2024.01.21"]
[Round "5"]
[White "Quinn, Peter"]
[Black "Westcott, Dale"]
[Result "1-0"]
[WhiteElo "1638"]
[BlackElo "1624"]
[PlyCount "103"]
[SourceVersionDate "2024.02.17"]

1. e4 c6 2. d3 d5 3. Nd2 dxe4 4. dxe4 g6 5. Ngf3 Bg7 6. c3 Nf6 7. Be2 O-O 8. O-O Nbd7 9. Qc2 Nb6 10. Rd1 Qc7 11. h3 Be6 12. Nf1 Bc4 13. Bxc4 Nxc4 14. b3 Ne5 15. Nxe5 Qxe5 16. Re1 Rad8 17. Bb2 Nh5 18. Rab1 Nf4 19. Re3 Qg5 20. Rg3 Qh5 21. Re1 Rd7 22. Bc1 Be5 23. Rg4 Nd3 24. Rd1 Rfd8 25. Be3 Bb8 26. f4 Qa5 27. Nd2 Qc7 28. Rf1 b5 29. Nf3 c5 30. e5 a6 31. Ng5 c4 32. e6 Ba7 33. exf7+ Kh8 34. Bd4+ Rxd4 35. cxd4 Bxd4+ 36. Kh2 Qd6 37. Rh4 h5 38. Qe2 Bg7 39. Ne6 Bh6 40. Qe4 Nc5 41. Qxg6 Qxe6 42. Qxh5 Kh7 43. Qxc5 Qxf7 44. Re1 Re8 45. Qc6 e6 46. Qe4+ Kg7 47. Qe5+ Kh7 48. Rd1 Rg8 49. Rd6 Qg6 50. Rg4 Qxg4 51. hxg4 Rxg4 52. Rd7+ 1-0

[Event "Winter Open 2024"]
[Site "?"]
[Date "2024.01.19"]
[Round "1"]
[White "Christiansen, Johan-Sebastian"]
[Black "Jones, Steve"]
[Result "1-0"]
[WhiteElo "2629"]
[BlackElo "1678"]
[PlyCount "67"]
[EventDate "2024.??.??"]
[SourceVersionDate "2024.02.06"]

1. e4 c6 2. d4 d5 3. e5 c5 4. Nf3 Bg4 5. dxc5 e6 6. b4 a6 7. a3 Nc6 8. Bb2 Nge7 9. Nbd2 Qc7 10. Be2 Ng6 11. O-O Be7 12. Re1 Nf4 13. Bf1 O-O 14. h3 Bf5 15. Nb3 Rad8 16. Nfd4 Be4 17. Nxc6 bxc6 18. Nd2 Bf5 19. Bxa6 Bh4 20. Nf3 Qe7 21. Bf1 g5 22. g3 Nxh3+ 23. Bxh3 Bxh3 24. gxh4 gxh4 25. Kh2 Bg4 26. Rg1 h5 27. Qd2 Kh7 28. Bc1 Rh8 29. Qh6+ Kg8 30. Qg5+ Qxg5 31. Bxg5 Ra8 32. Nxh4 Kf8 33. f3 Bf5 34. Nxf5 1-0

[Event "Winter Open 2024"]
[Site "?"]
[Date "2024.01.20"]
[Round "3"]
[White "Tuson, Jon"]
[Black "Wells, Thomas"]
[Result "1-0"]
[WhiteElo "1532"]
[BlackElo "1980"]
[Annotator "Paul,Hatchett"]
[PlyCount "88"]
[EventDate "2024.??.??"]
[SourceVersionDate "2024.02.16"]

1. c4 e6 2. Nc3 f5 3. d4 Nf6 4. Bg5 Bb4 5. Qc2 h6 6. Bxf6 Qxf6 7. Nf3 Bxc3+ 8. Qxc3 b6 9. e3 Bb7 10. Be2 O-O 11. O-O d6 12. b4 Nd7 13. Rac1 c5 14. bxc5 bxc5 15. Qa5 Rfc8 16. d5 exd5 17. cxd5 Bxd5 18. Rfd1 Be4 19. Bc4+ Kh8 20. Nd2 Bb7 21. Rb1 Nb6 22. Be2 Bd5 23. Bf3 Bxf3 24. Nxf3 Rc7 25. Rxb6 Rac8 26. Rbxd6 Qe7 27. Qc3 c4 28. Ne5 Kh7 29. h3 Rc5 30. Nf3 R8c7 31. R6d5 Rxd5 32. Rxd5 Qe4 33. Rd4 Qb1+ 34. Kh2 Qxa2 35. Kg3 Rc6 36. Ne5 Rb6 37. Qxc4 Qa5 38. Rd5 Qa1 39. Qd3 Rf6 40. Nf3 Qh1 41. Rxf5 Kg8 42. Qd8+ Kf7 43. Rxf6+ gxf6 44. Qd5+ Ke8 {Rest of moves illegible} 1-0